Mondialisation et environnement l'impact de l'homme sur l'environnement /

Elmentve itt :
Bibliográfiai részletek
Szerző: Obiang Tomo Donald Donny
Dokumentumtípus: Könyv része
Megjelent: 2018
Sorozat:Cahiers du centre universitaire Francophone 9
Regards nouveaux sur les défis d’avenir 9
Kulcsszavak:Globalizáció, Környezetvédelem
Tárgyszavak:
Online Access:http://acta.bibl.u-szeged.hu/63701
LEADER 00869naa a2200229 i 4500
001 acta63701
005 20211207085606.0
008 200123s2018 hu o 0|| fre d
020 |a 978-615-00-0942-1 
022 |a 2498-5120 
040 |a SZTE Egyetemi Kiadványok Repozitórium  |b hun 
041 |a fre 
100 2 |a Obiang Tomo Donald Donny 
245 1 0 |a Mondialisation et environnement   |h [elektronikus dokumentum] :  |b l'impact de l'homme sur l'environnement /  |c  Obiang Tomo Donald Donny 
260 |c 2018 
300 |a 103-112 
490 0 |a Cahiers du centre universitaire Francophone  |v 9 
490 0 |a Regards nouveaux sur les défis d’avenir  |v 9 
650 4 |a Társadalomtudományok 
650 4 |a Egyéb társadalomtudományok 
695 |a Globalizáció, Környezetvédelem 
856 4 0 |u http://acta.bibl.u-szeged.hu/63701/1/009_francophone_103-112.pdf  |z Dokumentum-elérés